000 00625nam a22001817a 4500
999 _c178459
_d178459
005 20210331125156.0
010 _aENG-129356
020 _a978-93-5388-401-7
_c450.00
035 _aEN-112888
037 _bDBAD/PUB
082 _a658.4012
100 _aDhargalkar, Kaustubh
245 _aIt's Logical: Innovating Profitable Business Models/
_cKaustubh Dhargalkar
260 _aNew Delhi
_bSage Publication India
_c2020
270 _aB1/1-1 Mohan Cooperative Industrial Area Mathura Road
_bNew Delhi
_e110044
300 _axv+232p.
_c22cm(pbk)
_bIncluding illustrations.
942 _2ddc
_cEN
_h658.4012
_mDHA